[Event "NZL-ch op 126th"]
[Site "Auckland"]
[Date "2019.01.21"]
[Round "8"]
[White "Chibnall, Alana"]
[Black "Wang, Kayson"]
[Result "0-1"]
[WhiteElo "1944"]
[BlackElo "1983"]
[PlyCount "56"]
[EventDate "2019.01.14"]
[EventType "swiss"]
[EventRounds "9"]
[EventCountry "NZL"]
[SourceTitle "CBM 188 Extra"]
[Source "ChessBase"]
[SourceDate "2019.02.26"]
[SourceVersion "1"]
[SourceVersionDate "2019.02.26"]
[SourceQuality "1"]

1. e4 e6 2. d3 c5 3. Nf3 Nc6 4. g3 d6 5. Bg2 g6 6. 0-0 Bg7 7. Re1 Nge7 8. h4 h6 9. c3 e5 10. Nbd2 0-0 11. a4 a6 12. Nc4 Rb8 13. a5 Be6 14. Nfd2 f5 15. Qa4 f4 16. b4 cxb4 17. cxb4 Nd4 18. Bb2 Nec6 19. Rac1 g5 20. hxg5 Qxg5 21. Nf1 f3 22. Bh1 Ne2+ 23. Rxe2 fxe2 24. Nfe3 Qf6 25. f4 Qg6 26. Kf2 exf4 27. gxf4 Rxf4+ 28. Kxe2 Qh5+ 0-1

[Event "George Trundle Reserves"]
[Site "Auckland"]
[Date "2019.01.05"]
[Round "3"]
[White "McNally, Ian"]
[Black "Chibnall, Alana"]
[Result "1/2-1/2"]
[WhiteElo "1963"]
[BlackElo "1944"]
[PlyCount "45"]
[EventDate "2019.01.04"]
[EventType "tourn"]
[EventRounds "9"]
[EventCountry "NZL"]
[SourceTitle "CBM 189 Extra"]
[Source "ChessBase"]
[SourceDate "2019.06.03"]
[SourceVersion "1"]
[SourceVersionDate "2019.06.03"]
[SourceQuality "1"]

1. e4 e5 2. Nf3 Nc6 3. Bb5 a6 4. Ba4 Nge7 5. 0-0 g6 6. c3 Bg7 7. d4 b5 8. Bb3 exd4 9. cxd4 d6 10. h3 0-0 11. Nc3 h6 12. Re1 Kh7 13. Be3 f5 14. exf5 Nxf5 15. Rc1 Na5 16. Bc2 Nc4 17. b3 Nb6 18. Qd3 b4 19. Na4 Nd5 20. g4 Qf6 21. g5 Qf7 22. gxh6 Bxh6 23. Ng5+ 1/2-1/2

[Event "George Trundle Reserves"]
[Site "Auckland"]
[Date "2019.01.04"]
[Round "2"]
[White "Chibnall, Alana"]
[Black "Gold, Hamish R"]
[Result "1-0"]
[WhiteElo "1944"]
[BlackElo "1752"]
[PlyCount "49"]
[EventDate "2019.01.04"]
[EventType "tourn"]
[EventRounds "9"]
[EventCountry "NZL"]
[SourceTitle "CBM 189 Extra"]
[Source "ChessBase"]
[SourceDate "2019.06.03"]
[SourceVersion "1"]
[SourceVersionDate "2019.06.03"]
[SourceQuality "1"]

1. e4 e5 2. Nf3 Nc6 3. d4 exd4 4. Nxd4 Bc5 5. Be3 Bb4+ 6. c3 Be7 7. Bc4 Ne5 8. Be2 d5 9. f4 Nc4 10. Bxc4 dxc4 11. Qa4+ Bd7 12. Qxc4 a6 13. Qe2 Nf6 14. Nd2 0-0 15. 0-0-0 c5 16. N4f3 Qa5 17. Kb1 b5 18. Ne5 Be6 19. c4 Rfc8 20. f5 Bxc4 21. Ndxc4 bxc4 22. Qxc4 Rab8 23. Nxf7 Qb4 24. Nh6+ Kh8 25. Qg8+ 1-0

[Event "Gibraltar Masters 16th"]
[Site "Caleta"]
[Date "2018.01.31"]
[Round "9"]
[White "Chibnall, Alana"]
[Black "Bendayan Claros, Aaron Arturo"]
[Result "0-1"]
[WhiteElo "1906"]
[BlackElo "2191"]
[PlyCount "88"]
[EventDate "2018.01.23"]
[EventType "swiss"]
[EventRounds "10"]
[EventCountry "GGB"]
[SourceTitle "CBM 183"]
[Source "ChessBase"]
[SourceDate "2018.03.14"]
[SourceVersion "1"]
[SourceVersionDate "2018.03.14"]
[SourceQuality "1"]

1. e4 g6 2. d4 Bg7 3. Nf3 c6 4. h3 d5 5. e5 h5 6. Bd3 Nh6 7. Nbd2 Bf5 8. Nf1 e6 9. Bg5 f6 10. exf6 Bxf6 11. Bxf5 Nxf5 12. Bxf6 Qxf6 13. Qd2 Nd7 14. 0-0-0 0-0-0 15. Qf4 Rde8 16. Re1 Rhg8 17. h4 Rgf8 18. Ne5 Nxe5 19. Rxe5 Nd6 20. Qxf6 Rxf6 21. f3 Rf4 22. Rg5 Rg8 23. Ng3 Rff8 24. Ne2 Kd7 25. c3 Rf6 26. Kc2 Nf7 27. Rg3 e5 28. dxe5 Nxe5 29. Nd4 a6 30. Re1 Kd6 31. b4 b6 32. f4 Ng4 33. Rf3 c5 34. Nb3 cxb4 35. cxb4 Rc8+ 36. Kd3 Rc4 37. Nd4 Rxb4 38. Rc1 Kd7 39. g3 Ra4 40. Rc2 Rf8 41. Rf1 Re8 42. Rf3 Re4 43. Ne2 Nh6 44. Nc3 Rad4# 0-1

[Event "Gibraltar Challengers-B"]
[Site "Caleta"]
[Date "2018.01.31"]
[Round "5"]
[White "Maric, Boris"]
[Black "Chibnall, Alana"]
[Result "0-1"]
[WhiteElo "2034"]
[BlackElo "1906"]
[PlyCount "114"]
[EventDate "2018.01.27"]
[EventType "swiss"]
[EventRounds "5"]
[EventCountry "GGB"]
[SourceTitle "EXT 2019"]
[Source "ChessBase"]
[SourceDate "2018.10.10"]
[SourceVersion "1"]
[SourceVersionDate "2018.10.10"]
[SourceQuality "1"]

1. c4 Nf6 2. g3 g6 3. Bg2 Bg7 4. Nc3 0-0 5. e4 d6 6. Nge2 Nc6 7. d3 e5 8. 0-0 Nh5 9. Be3 f5 10. exf5 gxf5 11. f4 Nf6 12. h3 Qe8 13. Nd5 Nxd5 14. cxd5 exf4 15. Bxf4 Ne5 16. Rc1 Qb5 17. d4 Nf7 18. Rxc7 Re8 19. Bf3 Qxb2 20. Bh5 Rxe2 21. Qxe2 Qxe2 22. Bxe2 Bxd4+ 23. Kg2 Bb6 24. Rc2 Bd7 25. Bd3 Re8 26. Re2 Rxe2+ 27. Bxe2 Ne5 28. Bc1 Bc5 29. Bb2 Kf7 30. Bh5+ Kf6 31. h4 Bb5 32. Rf4 Bd3 33. g4 Be3 34. Rb4 Be4+ 35. Rxe4 fxe4 36. Kf1 Ke7 37. Bxe5 dxe5 38. Ke2 Bf4 39. Kf2 Kd6 40. Bf7 e3+ 41. Ke2 h6 42. Be6 e4 43. Bf7 Kc5 44. Be6 b5 45. a3 a5 46. Bf7 Kd6 47. Be8 b4 48. axb4 axb4 49. Ba4 Kxd5 50. Bb3+ Kd4 51. Bc2 Kc3 52. Bxe4 b3 53. Bf5 Kb2 54. Bd3 Kc1 55. Kf3 Kd2 56. g5 Kxd3 57. Kxf4 e2 0-1

[Event "Gibraltar Masters 16th"]
[Site "Caleta"]
[Date "2018.01.28"]
[Round "6"]
[White "Smith, Andrew Philip"]
[Black "Chibnall, Alana"]
[Result "1-0"]
[WhiteElo "2111"]
[BlackElo "1906"]
[PlyCount "83"]
[EventDate "2018.01.23"]
[EventType "swiss"]
[EventRounds "10"]
[EventCountry "GGB"]
[SourceTitle "CBM 183"]
[Source "ChessBase"]
[SourceDate "2018.03.14"]
[SourceVersion "1"]
[SourceVersionDate "2018.03.14"]
[SourceQuality "1"]

1. e4 e5 2. d4 exd4 3. Qxd4 Nc6 4. Qe3 g6 5. Nc3 Bg7 6. Bd2 Nf6 7. e5 Ng4 8. Qe2 Ngxe5 9. f4 Nd4 10. Qe4 d5 11. Qxd4 Nf3+ 12. Nxf3 Bxd4 13. Nxd4 0-0 14. 0-0-0 c5 15. Nf3 d4 16. Ne4 Qc7 17. Kb1 b6 18. Ng3 Bg4 19. Bc4 Bxf3 20. gxf3 Qc6 21. f5 Qxf3 22. fxg6 hxg6 23. Bh6 Qc6 24. Bxf8 Rxf8 25. Rhf1 b5 26. Be2 f5 27. h4 Re8 28. Bf3 Qc7 29. Bd5+ Kg7 30. Rg1 Kf6 31. a3 Qd6 32. Bh1 Re3 33. Nf1 Rh3 34. Nd2 Rxh4 35. Rdf1 Kg7 36. Bb7 Rf4 37. Rxf4 Qxf4 38. Nf3 Kf6 39. Bc6 a6 40. Ka2 Qd6 41. Bb7 Qd7 42. Rxg6+ 1-0

[Event "ACT-ch"]
[Site "Canberra"]
[Date "2017.03.13"]
[Round "7"]
[White "Chibnall, Alana"]
[Black "Radisich, Matt"]
[Result "1/2-1/2"]
[WhiteElo "1871"]
[BlackElo "1712"]
[PlyCount "45"]
[EventDate "2017.03.10"]
[EventType "swiss"]
[EventRounds "7"]
[EventCountry "AUS"]
[SourceTitle "EXT 2023"]
[Source "ChessBase"]
[SourceDate "2022.10.05"]
[SourceVersion "1"]
[SourceVersionDate "2022.10.05"]
[SourceQuality "1"]

1. e4 c5 2. Nf3 Nc6 3. d4 cxd4 4. Nxd4 g6 5. Nc3 Bg7 6. Be3 Nf6 7. Be2 0-0 8. Qd2 d5 9. Nxc6 bxc6 10. Rd1 Be6 11. e5 Ng4 12. Bxg4 Bxg4 13. f3 Be6 14. Bd4 Qa5 15. Ne4 Qc7 16. Nc5 Bxe5 17. Nxe6 fxe6 18. Qe3 Bxd4 19. Qxe6+ Kg7 20. Rxd4 Rf6 21. Qe3 e5 22. Rh4 Rf4 23. Rxf4 1/2-1/2

[Event "ACT-ch"]
[Site "Canberra"]
[Date "2017.03.12"]
[Round "5"]
[White "Brown, Andrew"]
[Black "Chibnall, Alana"]
[Result "1-0"]
[WhiteElo "2304"]
[BlackElo "1871"]
[PlyCount "25"]
[EventDate "2017.03.10"]
[EventType "swiss"]
[EventRounds "7"]
[EventCountry "AUS"]
[SourceTitle "EXT 2023"]
[Source "ChessBase"]
[SourceDate "2022.10.05"]
[SourceVersion "1"]
[SourceVersionDate "2022.10.05"]
[SourceQuality "1"]

1. Nf3 Nf6 2. c4 g6 3. Nc3 Bg7 4. d4 d6 5. e4 0-0 6. Be2 e5 7. Be3 Na6 8. 0-0 exd4 9. Nxd4 Nc5 10. f3 a5 11. Qd2 Ne8 12. Rfd1 c6 13. Nxc6 1-0

[Event "Oceania zt 3.6 (Women)"]
[Site "Auckland"]
[Date "2017.01.17"]
[Round "5"]
[White "Zhang, Jasmine Haomo"]
[Black "Chibnall, Alana"]
[Result "0-1"]
[WhiteElo "1719"]
[BlackElo "1842"]
[PlyCount "90"]
[EventDate "2017.01.14"]
[EventType "swiss"]
[EventRounds "9"]
[EventCountry "NZL"]
[SourceTitle "CBM 176 Extra"]
[Source "ChessBase"]
[SourceDate "2017.03.02"]
[SourceVersion "1"]
[SourceVersionDate "2017.03.02"]
[SourceQuality "1"]

1. d4 Nf6 2. c4 g6 3. Nc3 Bg7 4. e4 d6 5. f3 0-0 6. Be3 a6 7. Qd2 Nbd7 8. Bd3 c5 9. d5 Ne5 10. h3 Qa5 11. a3 Nfd7 12. f4 Nxd3+ 13. Qxd3 b5 14. Bd2 bxc4 15. Qxc4 Rb8 16. Rb1 Nb6 17. Qd3 Na4 18. Nxa4 Qxa4 19. Bc3 Bxc3+ 20. bxc3 Rxb1+ 21. Qxb1 f5 22. Ne2 fxe4 23. 0-0 Bd7 24. Qc1 Bb5 25. Re1 Bd3 26. Ng3 Rb8 27. f5 Rb1 28. Qe3 Rxe1+ 29. Qxe1 Qc4 30. fxg6 hxg6 31. Qd2 Qxd5 32. Ne2 Kg7 33. Nf4 Qc4 34. Qe1 e5 35. Nxg6 Kxg6 36. Qg3+ Kf7 37. Qf2+ Ke8 38. Qf6 Kd7 39. Qg7+ Kc6 40. Qf8 Qxc3 41. Qa8+ Kb6 42. Qd8+ Kb5 43. Qd7+ Ka5 44. Qc7+ Ka4 45. Qd7+ Kxa3 0-1

[Event "Fiji op 2nd"]
[Site "Suva"]
[Date "2016.08.14"]
[Round "1"]
[White "Chibnall, Alana"]
[Black "Goswami, Sugandha"]
[Result "1-0"]
[WhiteElo "1887"]
[BlackElo "1328"]
[PlyCount "79"]
[EventDate "2016.08.14"]
[EventType "swiss"]
[EventRounds "7"]
[EventCountry "FIJ"]
[SourceTitle "CBM 174 Extra"]
[Source "ChessBase"]
[SourceDate "2016.10.10"]
[SourceVersion "1"]
[SourceVersionDate "2016.10.10"]
[SourceQuality "1"]

1. e4 c5 2. Nc3 Nc6 3. f4 d6 4. Nf3 Nf6 5. a4 g6 6. Bc4 e6 7. d3 Bg7 8. 0-0 0-0 9. Qe1 Qe7 10. Qh4 Nd4 11. Nxd4 cxd4 12. Ne2 d5 13. Ba2 dxe4 14. Bc4 e3 15. Nxd4 Qc5 16. Nb3 Qh5 17. Qxh5 Nxh5 18. c3 Bd7 19. Bxe3 b6 20. Bb5 Rad8 21. Rfd1 Nf6 22. g3 Nd5 23. Bd4 Bxd4+ 24. Nxd4 Kh8 25. Kf2 Rfe8 26. Bxd7 Rxd7 27. Nf3 Rde7 28. c4 Nb4 29. a5 Rd7 30. d4 Red8 31. axb6 axb6 32. Rd2 Nc6 33. Ke3 f5 34. Ra6 e5 35. fxe5 Rb7 36. d5 Nb4 37. Ra4 Nxd5+ 38. cxd5 Rc7 39. d6 Rc3+ 40. bxc3 1-0